Jason Mraz songs by picture - Statistics

General Stats
  • This quiz has been taken 13 times
  • The average score is 6 of 20
Answer Stats
Picture Answer % Correct
Butterfly
88%
Lucky
88%
Coyotes
75%
3 things
38%
Pancakes and butter
38%
Plane
38%
93 million miles
25%
Bella luna
25%
Details in the fabric
25%
Absolutely zero
13%
Clockwatching
13%
Disco sun
13%
Forecast
13%
I feel like dancing
13%
In your hands
13%
Little time
13%
Live high
13%
Lovesick romeo
13%
Quiet
13%
Shine
13%
No matching quizzes found
Score Distribution
Percent of People with Each Score
Percentile by Number Answered
Your Score History
You have not taken this quiz